Behavioural Insights for Public Integrity Harnessing the Human Factor to Counter Corruption

Saved in:
Bibliographic Details
Format: Book
Language:English
Published: Paris OECD 2018
Series:OECD Public Governance Reviews
Subjects:
Tags: Add Tag
No Tags, Be the first to tag this record!

MARC

LEADER 00000nam a2200000 4500
001 0243783
005 20221220065454.5
020 |a 978-92-64-29705-0 
041 0 |a eng 
044 |a FR 
245 1 0 |a Behavioural Insights for Public Integrity  |b Harnessing the Human Factor to Counter Corruption 
264 1 |a Paris  |b OECD  |c 2018 
300 |a 60 s. 
490 1 |a OECD Public Governance Reviews 
830 0 |a OECD Public Governance Reviews 
610 2 0 |a správanie 
610 2 0 |a korupcia 
610 2 0 |a spoločnosť 
610 2 0 |a opatrenia 
610 2 0 |a výskum 
610 2 0 |a politika verejná 
610 2 0 |a transparentnosť 
610 2 0 |a morálka 
610 2 0 |a kultúra 
610 2 0 |a kontrola 
610 2 0 |a rozhodovanie individuálne 
610 2 0 |a záujmy verejné